Kultúra naša každodenná Čo stojí najlacnejšia a najúčinnejšia reklama

Aplikácia pojmu kultúra do podnikovej sféry. Chápanie podnikovej kultúry v dvoch úrovniach: vo vnútorných pomeroch podniku a vo forme získavania zákazníkov. Osobnosť šéfa, vzťah k zamestnancom. Význam podnikovej kultúry pre prosperitu firmy.

Salvato in:
Dettagli Bibliografici
Autore principale: Luptáková, O.
Natura: Capitolo di libro
Lingua:slovacco
Soggetti:
Tags: Aggiungi Tag
Nessun Tag, puoi essere il primo ad aggiungerne!!

MARC

LEADER 00000naa a2200000 4500
001 r015500
005 20221213114120.9
041 0 |a slo 
044 |a SK 
245 1 0 |a Kultúra naša každodenná  |b Čo stojí najlacnejšia a najúčinnejšia reklama  |c O. Luptáková 
520 |a Aplikácia pojmu kultúra do podnikovej sféry. Chápanie podnikovej kultúry v dvoch úrovniach: vo vnútorných pomeroch podniku a vo forme získavania zákazníkov. Osobnosť šéfa, vzťah k zamestnancom. Význam podnikovej kultúry pre prosperitu firmy. 
610 2 0 |a kultúra podniková 
610 2 0 |a zamestnanci 
610 2 0 |a klíma 
610 2 0 |a činiteľ ľudský 
610 2 0 |a pracovníci vedúci 
610 2 0 |a osobnosť 
100 1 |a Luptáková, O.